|
|
|
|
| LEADER |
00000nam0a2200000 4500 |
| 001 |
226033 |
| 005 |
20231101230713.0 |
| 010 |
|
|
|a 5628004189
|
| 035 |
|
|
|a (RuTPU)RU\TPU\book\246399
|
| 090 |
|
|
|a 226033
|
| 100 |
|
|
|a 20121117d1990 k y0rusy50 ca
|
| 101 |
0 |
|
|a rus
|
| 102 |
|
|
|a KZ
|
| 105 |
|
|
|a y z 001zy
|
| 200 |
1 |
|
|a Автоматизация проектирования и планирования при комплексном освоении рудных месторождений
|f Академия наук Казахской ССР (АН КазССР), Институт горного дела ; отв. ред. Г. П. Данилина
|
| 210 |
|
|
|a Алма-Ата
|c Наука
|d 1990
|
| 215 |
|
|
|a 203 с.
|
| 320 |
|
|
|a Библиография в конце статей
|
| 606 |
1 |
|
|a Рудные месторождения
|x Системы разработки (в целом)
|2 stltpush
|3 (RuTPU)RU\TPU\subj\25980
|9 50008
|
| 610 |
1 |
|
|a рудные ископаемые
|
| 610 |
1 |
|
|a автоматизированное проектирование
|
| 610 |
1 |
|
|a подземные рудники
|
| 610 |
1 |
|
|a планирование
|
| 610 |
1 |
|
|a освоение
|
| 675 |
|
|
|a 622.34.014.1
|v 3
|
| 702 |
|
1 |
|a Данилина
|b Г. П.
|4 340
|
| 712 |
0 |
2 |
|a Академия наук Казахской ССР (АН КазССР)
|b Институт горного дела
|c (Алма-Ата)
|2 stltpush
|3 (RuTPU)RU\TPU\col\4941
|
| 801 |
|
1 |
|a RU
|b 63413507
|c 20121117
|
| 801 |
|
2 |
|a RU
|b 63413507
|c 20130614
|g RCR
|
| 942 |
|
|
|c BK
|